000 00920cam a2200205 a 4500
001 000006402
005 20200929153927.0
008 001026s1999 sp b f001 0 spa d
020 _a1879308347
040 _aDO-SdBNP
_cPBR
_dNOC
_dDLC
082 _a972.9504
_bN322P
100 1 _aNavarro García, Jesús Raúl.
_917794
245 1 0 _aPuerto Rico a la sombra de la independencia continental :
_bfronteras ideológicas y políticas en el Caribe, 1815-1840 /
_cJ. Raúl Navarro García.
246 1 4 _aPuerto Rico a la sombra de la independencia continental, 1815-1840.
260 _aSan Juan, Puerto Rico :
_bCentro de Estudios Avanzados de Puerto Rico,
_aSevilla, España :
_bEscuela de Estudios Hispano-Americanos (CSIC),
_c1999.
300 _a307 p. ;
_c24 cm.
504 _aIncluye referencias bibliográficas: p. [283]-294.
651 4 _aPuerto Rico
_xHistoria
_y1804-1899
_917795
910 _aCatalogación por copia / LC
999 _c6197
_d6197